19 tip pendidik cemerlang

Bibliographic Details
Main Author: Mohammad Shatar Sabran
Corporate Author: Title
Other Authors: Azali Mohamed, Jasni Sabri
Format: Book
Series:Siri motivasi dan kecemerlangan Utusan
Subjects:

MARC

LEADER 00000cam a2200000 7i4500
001 0000011989
005 20080102.0
008 071122
020 |a 9676118141 
090 0 0 |a 371.1   |b MOH 
100 0 |a Mohammad Shatar Sabran 
245 1 0 |a 19 tip pendidik cemerlang   |c Mohammad Shatar Sabran, Jasni Sabri, Azali Mohamed 
440 |a Siri motivasi dan kecemerlangan Utusan 
650 0 |a Effective teaching 
650 0 |a Malay fiction 
650 0 |a Teachers 
650 0 |a Teaching 
700 0 |a Azali Mohamed 
700 0 |a Jasni Sabri 
710 0 |a Title 
999 |a 0001004535   |b Book   |c Adult Collection   |e Perbadanan Perpustakaan Awam Johor 
999 |a 0001004536   |b Book   |c Adult Collection   |e Perbadanan Perpustakaan Awam Johor 
999 |a 0001004537   |b Book   |c Adult Collection   |e Perbadanan Perpustakaan Awam Johor 
999 |a 0001010804   |b Book   |c Adult Collection   |e Perbadanan Perpustakaan Awam Johor 
999 |a 0001010806   |b Book   |c Adult Collection   |e Cawangan Tangkak 
999 |a 0001018052   |b Book   |c Adult Collection   |e Perbadanan Perpustakaan Awam Johor 
999 |a 0001018054   |b Book   |c Adult Collection   |e Cawangan Tmn. Ungku Tun Aminah 
999 |a 0001018055   |b Book   |c Adult Collection   |e Cawangan Bandar Tenggara 
999 |a 0001070228   |b Book   |c Adult Collection   |e Cawangan Pontian